Bienvenido a nuestro catálago, Biblioteca Universidad Monteávila

El poder de la imagen pública (Registro nro. 13406)

Detalles MARC
000 -CABECERA
campo de control de longitud fija 02141nam a2200253 4500
003 - IDENTIFICADOR DEL NÚMERO DE CONTROL
campo de control vecauma
005 - FECHA Y HORA DE LA ÚLTIMA TRANSACCIÓN
campo de control 20260421125606.0
007 - CAMPO FIJO DE DESCRIPCIÓN FÍSICA--INFORMACIÓN GENERAL
campo de control de longitud fija ta
008 - DATOS DE LONGITUD FIJA--INFORMACIÓN GENERAL
campo de control de longitud fija 260421b ve ||||| |||| 00| 0 spa d
020 ## - ISBN
Número Internacional Estándar del Libro 9706610677
040 ## - FUENTE DE LA CATALOGACIÓN
Centro catalogador/agencia de origen vecauma
Lengua de catalogación spa
Centro/agencia transcriptor vecauma
Centro/agencia modificador vecauma
Normas de descripción rda
041 ## - CÓDIGO DE LENGUA
Código de lengua del recurso spa
100 1# - AUTOR PERSONAL
Término indicativo de función/relación autor
245 1# - MENCIÓN DE TÍTULO
Título El poder de la imagen pública
Resto del título Plan maestro para inspirar confianza y ganar credibilidad
Mención de responsabilidad, etc. / Víctor Gordoa
264 ## - PRODUCCIÓN, PUBLICACIÓN, DISTRIBUCIÓN, FABRICACIÓN Y COPYRIGHT
Producción, publicación, distribución, fabricación y copyright México:
Nombre del de productor, editor, distribuidor, fabricante Edamex, S.A de C.V.;
Fecha de producción, publicación, distribución, fabricación o copyright 1999.
300 ## - DESCRIPCIÓN FÍSICA
Extensión 265 páginas.
336 ## - TIPO DE CONTENIDO
Término de tipo de contenido texto
Código de tipo de contenido txt
Fuente rdacontenido
337 ## - TIPO DE MEDIO
Nombre/término del tipo de medio no mediado
Código del tipo de medio n
Fuente rdamedio
338 ## - TIPO DE SOPORTE
Nombre/término del tipo de soporte volumen
Código del tipo de soporte nc
Fuente rdasoporte
505 0# - NOTA DE CONTENIDO CON FORMATO
Nota de contenido con formato La importancia de la imagen pública /<br/>La ingeniería en imagen pública /<br/>La imagen física /<br/>La imagen profesional /<br/>La imagen verbal /<br/>La imagen audiovisual /<br/>La imagen ambiental /<br/>
520 3# - SUMARIO, ETC.
Sumario, etc. La clave para ganar está en lograr la armonía entre el fondo y la forma.<br/><br/>Lograr la preferencia de los clientes, los inversionistas, los jefes, los colaboradores, los votantes o los fans, requiere de un PLAN MAESTRO DE IMAGEN PÚBLICA que asegure que usted será identificado como el mejor en su campo, ya sea como persona o como institución.<br/><br/>Este es un libro para el empresario que desea crecer, el político que busca gobernar, el ejecutivo que quiere ascender, el artista que anhela triunfar y todo aquél que necesite aprender la ciencia de la comunicación del nuevo milenio.<br/><br/>Este libro le revela:<br/><br/>Cómo transmitir mensajes positivos sin palabras.<br/>Cómo integrar todos los "pequeños grandes detalles" que impactarán sinceramente a los demás.<br/>Cómo lograr las diferentes imágenes que lo convertirán en un triunfador.<br/>Cómo generar las estrategias para lograr una buena imagen pública.<br/><br/>Víctor Gordoa, consultor en imagen pública de personajes y grandes empresas, comparte con usted los secretos que cambiarán para siempre su forma de comunicarse, llevándolo de la mano por el nuevo mundo de la INGENIERÍA EN IMAGEN PÚBLICA de manera profunda, amena y fácil de entender.<br/>
942 #1 - ELEMENTOS DE ENTRADA AGREGADA (KOHA)
Fuente del sistema de clasificación o colocación Library of Congress Classification
Ocultar en OPAC No
Tipo de ítem Koha Libros
Existencias
Estado de retiro Estado de pérdida Fuente del sistema de clasificación o colocación Estado dañado No para préstamo Código de colección Localización permanente Ubicación/localización actual Ubicación en estantería Fecha de adquisición Número de inventario Total de préstamos Código de barras Fecha visto por última vez Precio válido a partir de Tipo de ítem Koha
    Library of Congress Classification     Colección general Biblioteca Universidad Monteávila Biblioteca Universidad Monteávila Colección general 21/04/2026 48702   2026-0550 21/04/2026 21/04/2026 Libros

Copyright @ UMA Library
Universidad Monteávila Caracas, Venezuela

Edif. Sede principal Universidad Monteávila. Av. El Buen Pastor. Boleíta Norte. Caracas. 
Customized by Universidad Monteávila

Con tecnología Koha